Т. 122, № 8; Физика металлов и металловедение

Opis bibliograficzny
Parent link:Физика металлов и металловедение/ Российская академия наук (РАН), Уральское отделение (УрО), Институт физики металлов (ИФМ). Т. 122, № 8.— , 1955-
Streszczenie:Режим доступа: по договору с организацией-держателем ресурса
Język:rosyjski
Wydane: 2021
Dostęp online:https://www.elibrary.ru/contents.asp?id=46322443
Format: Elektroniczne Książka
KOHA link:https://koha.lib.tpu.ru/cgi-bin/koha/opac-detail.pl?biblionumber=586576

MARC

LEADER 00000nam2a2200000 4500
001 586576
005 20231101131414.0
035 |a (RuTPU)RU\TPU\prd\289131 
035 |a RU\TPU\prd\289130 
090 |a 586576 
100 |a 20210804a19559999k y0rusy50 ca 
101 0 |a rus 
102 |a RU 
181 0 |a i  
182 0 |a b 
200 0 |a Т. 122, № 8  |b Электронный ресурс 
203 |a Текст  |c электронный 
210 |d 2021 
333 |a Режим доступа: по договору с организацией-держателем ресурса 
461 1 |0 (RuTPU)RU\TPU\prd\406  |t Физика металлов и металловедение  |f Российская академия наук (РАН), Уральское отделение (УрО), Институт физики металлов (ИФМ)  |v Т. 122, № 8  |d 1955- 
801 0 |a RU  |b 63413507  |c 20010227  |g PSBO 
801 1 |a RU  |b 63413507  |c 20170713 
801 2 |a RU  |b 63413507  |c 20210804  |g RCR 
856 4 0 |u https://www.elibrary.ru/contents.asp?id=46322443 
942 |c BK